000 00692nam a2200289Ia 4500
005 20260324122940.0
008 008 260324s9999 xx 000 0 eng d
020 _a9781315597454
037 _aEBOOK
040 _aCRL
040 _beng
040 _cCRL
041 _2eng
041 _aeng
084 _qCRL
100 _aDebbie Lackerstein
_91168450
245 0 _aNational Regeneration in Vichy France
245 0 _bIdeas and Policies, 1930–1944
260 _bTaylor and Francis
260 _c2012
365 _a
365 _b255
856 _uhttp://www.taylorfrancis.com/books/9781315597454
942 _cEBOOK
999 _c1761544
_d1761544